Essai politique (Record no. 4205)

MARC details
000 -CABECERA
campo de control de longitud fija 00739nam a2200241 a 4500
001 - NÚMERO DE CONTROL
campo de control BRCA_4499
005 - FECHA Y HORA DE LA ÚLTIMA TRANSACCIÓN
campo de control 20190320204707.0
008 - DATOS DE LONGITUD FIJA--INFORMACIÓN GENERAL
campo de control de longitud fija 140910r1811----fr-#######---#000-0#fre-#
041 ## - CÓDIGO DE LENGUA
Código de lengua del texto/banda sonora o título independiente fre
044 ## - CÓDIGO DEL PAÍS DE LA ENTIDAD EDITORA/PRODUCTORA
Código MARC del país fr
050 #4 - SIGNATURA TOPOGRÁFICA DE LA BIBLIOTECA DEL CONGRESO
Número de clasificación F1211
Número de documento/Ítem .H86 1
-- 1811
100 1# - ENTRADA PRINCIPAL--NOMBRE DE PERSONA
Nombre de persona Humboldt, Alejandro de
9 (RLIN) 7025
245 10 - MENCIÓN DE TÍTULO
Título Essai politique
Resto del título sur le Royaume de la Nouvelle-Espagne
Mención de responsabilidad, etc. par Alejandro de Humboldt.
260 ## - PUBLICACIÓN, DISTRIBUCIÓN, ETC.
Lugar de publicación, distribución, etc. París
Nombre del editor, distribuidor, etc. Chez F. Schoell
Fecha de publicación, distribución, etc. 1811
300 ## - DESCRIPCIÓN FÍSICA
Extensión 564 p. (v.4)
Dimensiones 21 cm.
500 ## - NOTA GENERAL
Nota general Incluye tabla de materias
500 ## - NOTA GENERAL
Nota general Ver también S100 (vols. 1, 2, 3 y 5)
500 ## - NOTA GENERAL
Nota general CG7
650 14 - PUNTO DE ACCESO ADICIONAL DE MATERIA--TÉRMINO DE MATERIA
Término de materia o nombre geográfico como elemento de entrada Minas y recursos minerales
Subdivisión general Viajeros alemanes
9 (RLIN) 11395
651 #4 - PUNTO DE ACCESO ADICIONAL DE MATERIA--NOMBRE GEOGRÁFICO
Nombre geográfico México
Subdivisión general Descripción y viajes
9 (RLIN) 103
902 ## - CATALOGADOR
Iniciales GFM
942 ## - ELEMENTOS DE PUNTO DE ACCESO ADICIONAL (KOHA)
Fuente del sistema de clasificación o colocación Library of Congress Classification
Tipo de ítem Koha Libros
Holdings
Estado de retiro Estado de pérdida Estado dañado No para préstamo Localización permanente Ubicación/localización actual Fecha de adquisición Número de inventario Total de préstamos Signatura topográfica completa Código de barras Fecha visto por última vez Precio válido a partir de Tipo de ítem Koha
El ejemplar forma parte de la colección y puede ser consultado según las políticas vigentes.       Biblioteca del Museo Franz Mayer (Rogerio Casas-Alatriste) Biblioteca del Museo Franz Mayer (Rogerio Casas-Alatriste) 14/09/2010 CG7   F1211 .H86 1 1811 (CG7) 4496 22/03/2019 22/03/2019 Libros